Pedaços da minha alma (Record no. 46172)

MARC details
000 -Etiqueta do registo
Valores 00514cam a22001811 04500
100 ## - Dados gerais de processamento
Dados gerais 19920512d1971 m y0pory5003 ba
101 0# - Língua de publicação
Língua por
102 ## - País de publicação
País PT
200 1# - Titulo e menção de responsabilidade
Título próprio Pedaços da minha alma
Primeira menção de responsabilidade Américo Leal de Oliveira Estevão
210 #9 - Publicação
Local de publicação Lisboa
Nome do editor Américo Leal de Oliveira Estevão
Data de publicação 1971
215 ## - Descrição física 
Paginação / Volumes 113, [2] p.
Dimensões 21 cm
305 ## - Nota relativa à edição da publicação
Texto da nota Edição do autor
675 ## - CDU
Notação 821.134.3-1"19"
Edição med
Língua por
700 #1 - Autor principal
Apelido Estêvão,
Nome Américo Leal de Oliveira
801 #0 - Fonte de origem
País PT
Agência BN
Regras de catalogação RPC
990 ## - Elementos KOHA
Tipo de documento Livro
Holdings
Aquisição Empréstimo Código de barras Cota Permissão de empréstimo Tipo de documento Nota relativa ao exemplar
Biblioteca Municipal de Redondo Biblioteca Municipal de Redondo 057270 821.134.3-1 EST   Livro oferta de Franklim Amaro Cabreirinha

Powered by Koha